| 000 | 00796nam a22002055i 4500 | ||
|---|---|---|---|
| 001 | 154679 | ||
| 003 | ES-MaACL | ||
| 005 | 20250804062749.0 | ||
| 008 | 990104s1896 fr |||| | fre d | ||
| 040 |
_aCCPB | B _bspa _cCCPB | B |
||
| 100 | 1 |
_aGory, Gédéon. _9127486 |
|
| 245 | 1 | 2 |
_aL'immanence de la raison dans la connaissance sensible / _cpar Gédéon Gory. |
| 260 |
_aParis : _bAncienne Librairie Germer Baillière et C\pie\s : _bFélix Alcan, Éditeur, _c1896. |
||
| 300 |
_a346 p. ; _c23 cm. |
||
| 490 | 1 | _aBibliothèque de Philosophie Contemporaine | |
| 650 | 7 |
_aFilosofía _2embne _912802 |
|
| 830 | 0 |
_aBibliothèque de Philosophie Contemporaine _9181027 |
|
| 852 |
_aES-MaACL _jB-6555 _z-- Enc. hol. _x-- Edic.: añadir en T260 (Lyon : Pitrat Aîné) |
||
| 999 |
_c154679 _d154679 |
||